Introduction to Indian Art (Record no. 39082)
[ view plain ]
| 000 -LEADER | |
|---|---|
| fixed length control field | 00343nam a22001217a 4500 |
| 020 ## - INTERNATIONAL STANDARD BOOK NUMBER | |
| ISBN | 9788119139071 |
| 100 ## - MAIN ENTRY--AUTHOR NAME | |
| Personal name | Coomaraswamy, Ananda K. |
| 245 ## - TITLE STATEMENT | |
| Title | Introduction to Indian Art |
| Statement of responsibility, etc | By Ananda K. Coomaraswamy |
| 260 ## - PUBLICATION, DISTRIBUTION, ETC. (IMPRINT) | |
| Place of publication | New Delhi : |
| Name of publisher | Manohar, |
| Year of publication | 2023. |
| 300 ## - PHYSICAL DESCRIPTION | |
| Number of Pages | 104p. |
| 700 ## - ADDED ENTRY--PERSONAL NAME | |
| Personal name | Mrs Ananda K. Coomaraswamy |
| Relator term | editor |
| 942 ## - ADDED ENTRY ELEMENTS (KOHA) | |
| Source of classification or shelving scheme | Dewey Decimal Classification |
| Koha item type | Books |
No items available.
